Central Library OPAC University of Rajshahi
Normal view MARC view

Entry Personal Name

Number of records used in: 2

001 - CONTROL NUMBER

  • control field: 2452

003 - CONTROL NUMBER IDENTIFIER

  • control field: BD-RjUL

005 - DATE AND TIME OF LATEST TRANSACTION

  • control field: 20220413145556.0

008 - FIXED-LENGTH DATA ELEMENTS

  • fixed length control field: 220413|| aca||aabn | a|a d

040 ## - CATALOGING SOURCE

  • Original cataloging agency: BD-RjUL
  • Transcribing agency: BD-RjUL

100 ## - HEADING--PERSONAL NAME

  • Personal name: আলম, রশীদুল, সহ-তত্বাবধায়ক

670 ## - SOURCE DATA FOUND

  • Source citation: Work cat.: (BD-RjUL)79697: হাসান, মো: তৌহিদুল 2448, বাংলাদেশে মুসলিম দর্শন চর্চা (১৯৪৭- ৯৩), ১৯৯৬